000 00423nam a2200169Ia 4500
003 GCL
008 140319s9999 xx 000 0 eng d
040 _aGCL /
_cGCL
082 0 4 _a306.874
_bH C
100 1 _aHORNBY, GARRY
245 1 0 _aCOUNSELLING IN CHILD DISABILITY /
_cHORNBY, GARRY
260 _a[S.N] :
_bCHAPMAN & HALL ،
_c1994
300 _a212 P
650 0 4 _aCHILDREN
650 0 4 _aPARENTS
942 _2ddc
_cBK
999 _c17596
_d17596